Agriculture problems of India (Record no. 5056)

MARC details
000 -LEADER
fixed length control field 00395nam a22001697a 4500
005 - DATE AND TIME OF LATEST TRANSACTION
control field 20160701114344.0
008 - FIXED-LENGTH DATA ELEMENTS--GENERAL INFORMATION
fixed length control field 160701b xxu||||| |||| 00| 0 eng d
020 ## - INTERNATIONAL STANDARD BOOK NUMBER
ISBN 81-225-0091-1
041 ## - LANGUAGE CODE
Language code of text/sound track or separate title eng
082 ## - DEWEY DECIMAL CLASSIFICATION NUMBER
Item number 20330
100 ## - MAIN ENTRY--AUTHOR NAME
Personal name Mamaria late Dr CB
245 ## - TITLE STATEMENT
Title Agriculture problems of India
260 ## - PUBLICATION, DISTRIBUTION, ETC. (IMPRINT)
Name of publisher kitab mahal
300 ## - PHYSICAL DESCRIPTION
Number of Pages 892
650 ## - SUBJECT ADDED ENTRY--TOPICAL TERM
Topical Term Agriculture
942 ## - ADDED ENTRY ELEMENTS (KOHA)
Koha item type Books
Holdings
Lost status Damaged status Collection code Home library Current library Shelving location Date acquired Source of acquisition Cost, normal purchase price Full call number Accession Number Koha item type
    Reference JRU Library JRU Library SHELF-2-B 01/07/2016 PURCHASE 390.00 631.1 20330 Books
    AGRICULTURE JRU Library JRU Library SHELF-46-G 01/07/2016   390.00 20330 20331 Books
    AGRICULTURE JRU Library JRU Library SHELF-46-G 01/07/2016   390.00 20330 20332 Books
    AGRICULTURE JRU Library JRU Library SHELF-46-G 01/07/2016   390.00 20330 20333 Books
    AGRICULTURE JRU Library JRU Library SHELF-46-G 01/07/2016   390.00 20330 20334 Books